A study of laterite profiles in relation to bed rock in the Darling Range near Perth W.A. /

Bibliographic Details
Main Author: Davy, R. L.
Format: Book
Language:English
Published: [Place of publication not identified] : Geological Survey of Western Australia, 1979.
Series:Report (Geological Survey of Western Australia) ; 8.
Subjects:

MARC

Tag First Indicator Second Indicator Subfields
LEADER 00000cam a2200000 a 4500
001 in00000070133
005 20151008061614.0
008 810526s1979 at ab b 00010 eng d
020 |a 0724478450 
035 |a (OCoLC)07446721 
035 |9 AAJ8422AM 
040 |a GIS  |c GIS  |d TXA  |d UtOrBLW 
043 |a u-at-we 
049 |a TXAM  |c [1655476] 
090 |a QE348  |b .A23 no. 8 
100 1 |a Davy, R. L. 
245 1 2 |a A study of laterite profiles in relation to bed rock in the Darling Range near Perth W.A. /  |c by R. Davy. 
264 1 |a [Place of publication not identified] :  |b Geological Survey of Western Australia,  |c 1979. 
300 |a ii, 87 pages :  |b illustrations, map ;  |c 25 cm. 
336 |a text  |b txt  |2 rdacontent 
337 |a unmediated  |b n  |2 rdamedia 
338 |a volume  |b nc  |2 rdacarrier 
490 1 |a Report / Geological Survey of Western Australia ;  |v 8 
504 |a Bibliography: page 87. 
650 0 |a Laterite  |z Australia  |z Western Australia  |z Perth Region. 
650 0 |a Geochemical prospecting  |z Australia  |z Western Australia  |z Perth Region. 
830 0 |a Report (Geological Survey of Western Australia) ;  |v 8. 
999 |a MARS 
999 f f |s e3b85ba1-f3f9-3cfc-993e-09b79eedcdc2  |i 171c1abc-6fb1-3760-b10a-a2baae7cea59  |t 0 
952 f f |p ric  |a Texas A&M University  |b Rellis Campus  |c Joint Library Facility  |s JLF  |d Remote Storage  |t 0  |e QE348 .A23 no. 8  |h Library of Congress classification  |i unmediated -- volume  |k no.8  |m A14806214434 
998 f f |a QE348 .A23 no. 8  |t 0  |l Remote Storage